Platinum-iridium reforming catalysts : TPD of hydrogen, selectivity and activity in heptane conversion /
Guardado en:
| Autor Principal: | |
|---|---|
| Otros Autores: | |
| Formato: | Libro |
| Idioma: | English |
| Publicado: |
Delft :
Delft University Press,
1977.
|
| Materias: | |
| Etiquetas: |
Agregar Etiqueta
Sin Etiquetas, Sea el primero en etiquetar este registro!
|
| LEADER | 00873nam a22002415a 4500 | ||
|---|---|---|---|
| 001 | EIQ.libpla000724 | ||
| 008 | 780306s1977####ne#a#####b####000#0#eng#d | ||
| 005 | 20060502164323.0 | ||
| 245 | 1 | 0 | |a Platinum-iridium reforming catalysts : |b TPD of hydrogen, selectivity and activity in heptane conversion / |c J. C. Rasser ; with a foreword by J. J. F. Scholten. |
| 260 | |a Delft : |b Delft University Press, |c 1977. | ||
| 300 | |a xiii, 216 p. : |b il. ; |c 24 cm. | ||
| 504 | |a Bibliografía: p. 212-213. | ||
| 020 | |a 9062750052 | ||
| 100 | 1 | |a Rasser, J. C. | |
| 700 | 1 | |a Scholten, J. J. F. |4 aft | |
| 082 | 0 | 0 | |a 541/.395 |
| 650 | 4 | |a Catalizadores |x Platino-iridio. | |
| 650 | 4 | |a Heptano |x Conversión. | |
| 650 | 4 | |a catalysts |x Platinum-iridium. | |
| 650 | 4 | |a Heptane |x Conversion. | |
| 010 | |a 77379616 | ||
| 040 | |a DLC |c DLC |d AR-BbSID | ||
| 859 | |a AR-BbSID |b BIB. PLAPIQUI |h 541.395 |i R 183 |p 1906 | ||
